| 000 | 003470000a22001210004500 | ||
|---|---|---|---|
| 090 |
_aAR _b04589 |
||
| 100 | 1 |
_aBreed, Michael D. _998695 |
|
| 700 | 1 |
_aHarrison, J.M. _998704 |
|
| 245 | 1 | 0 | _aIndividually discriminable recruitment trails in a ponerine ant |
| 041 | 0 | _aInglés | |
| 942 | _cARTICULO | ||
| 773 | 1 |
_tInsectes sociaux _h3 _q222-226 p. _d1987 _g34 |
|
| 999 |
_c13689 _d13689 |
||